Central Library OPAC University of Rajshahi

Theory & practice of economic planning / (Record no. 45683)

MARC details
000 -LEADER
fixed length control field 00749nam a2200265 a 4500
001 - CONTROL NUMBER
control field 45683
003 - CONTROL NUMBER IDENTIFIER
rucl marc code BD-RjUL
005 - DATE AND TIME OF LATEST TRANSACTION
control field 20211209054043.0
008 - FIXED-LENGTH DATA ELEMENTS--GENERAL INFORMATION
fixed length control field 160727s1977 ii a b 000 0 eng d
020 ## - INTERNATIONAL STANDARD BOOK NUMBER
Terms of availability Rs 13.50
035 ## - SYSTEM CONTROL NUMBER
System control number (BD-RjUL)45801
040 ## - CATALOGING SOURCE
Original cataloging agency FNP
Transcribing agency FNP
Modifying agency MYG
-- BD-RjUL
Language of cataloging eng
041 ## - LANGUAGE CODE
Language code of text/sound track or separate title eng
082 ## - DEWEY DECIMAL CLASSIFICATION NUMBER
Edition number 23
Classification number 338.9001
Author mark and year SET 1977
090 ## - LOCALLY ASSIGNED LC-TYPE CALL NUMBER (OCLC); LOCAL CALL NUMBER (OCLC)
Classification number (OCLC) (R) ; Classification number, CALL (RLIN) (NR) HD82
Local cutter number (OCLC) ; Book number/undivided call number, CALL (RLIN) .S47 1969
099 ## - LOCAL FREE-TEXT CALL NUMBER (OCLC)
Bangla Class number HD82.S47 1969
100 10 - MAIN ENTRY--PERSONAL NAME
Personal name Seth, M. L.
Fuller form of name (Manohar Lal)
9 (RLIN) 139800
245 10 - TITLE STATEMENT
Title Theory & practice of economic planning /
Statement of responsibility, etc. by M. L. Seth.
250 ## - EDITION STATEMENT
Edition statement 6th ed.
260 ## - PUBLICATION, DISTRIBUTION, ETC. (IMPRINT)
Place of publication, distribution, etc. New Delhi :
Name of publisher, distributor, etc. S. Chand,
Date of publication, distribution, etc. 1977.
300 ## - PHYSICAL DESCRIPTION
Pagination xvi, 732 p. :
Illustrations ill. ;
Size 22 cm.
650 #0 - SUBJECT ADDED ENTRY--TOPICAL TERM
Topical term or geographic name as entry element Economic policy.
9 (RLIN) 139801
651 #0 - SUBJECT ADDED ENTRY--GEOGRAPHIC NAME
Geographic name India
General subdivision Economic policy.
9 (RLIN) 139802
942 ## - ADDED ENTRY ELEMENTS (KOHA)
Source of classification or shelving scheme Dewey Decimal Classification
Koha item type Books
Holdings
Lost status Source of classification or shelving scheme Damaged status Not for loan Collection code Permanent Location Current Location Shelving location Date acquired Source of acquisition Cost, normal purchase price Total Checkouts Full call number Date last seen Copy number Koha item type
  Dewey Decimal Classification     Non-fiction Central Library, University of Rajshahi Central Library, University of Rajshahi   08/04/1980 K.P. Bagchi and co, calcutta 20.00   338.9001 SET 1977 27/07/2016 c-2 Books
  Dewey Decimal Classification   Not For Loan Non-fiction Central Library, University of Rajshahi Central Library, University of Rajshahi Reading Room 08/04/1980 K. P. Bagchi Cal. 20.00   338.9001 SET 1977 21/12/2016 C-1 Books